Viajes y viajeros. Los relatos de viaje de Gáspár Ferenc como fuente para el estudio de la América Latina de finales del siglo XIX

Elmentve itt :
Bibliográfiai részletek
Szerző: Zádori Ramóna
További közreműködők: Tóthné Jancsó Katalin (Témavezető)
Dokumentumtípus: Szakdolgozat
Megjelent: 2019
Tárgyszavak:
Online Access:http://diploma.bibl.u-szeged.hu/87237
LEADER 01043nta a2200205 i 4500
001 dipl87237
005 20200526120044.0
008 200526s2019 hu om 0|| zxx d
040 |a SZTE Diploma Repozitórium  |b hun 
041 |a zxx 
100 1 |a Zádori Ramóna 
245 1 0 |a Viajes y viajeros. Los relatos de viaje de Gáspár Ferenc como fuente para el estudio de la América Latina de finales del siglo XIX  |h [elektronikus dokumentum] /  |c Ramóna Zádori 
246 1 0 |a Utazások és utazók. Gáspár Ferenc útirajzai: források a XIX. század végi Latin-Amerika tanulmányozásához = Travels and travellers: The travelogues of Ferenc Gáspár as a source for the study of late 19th century Latin America  |h [elektronikus dokumentum] 
260 |c 2019 
650 4 |a Bölcsészettudományok 
650 4 |a Anthropology, ethnology 
650 4 |a Cultural anthropology 
650 4 |a History of literature 
700 2 |a Tóthné Jancsó Katalin  |e ths 
856 4 0 |u http://diploma.bibl.u-szeged.hu/id/eprint/87237/1/2019_zadori_ramona.pdf  |z Dokumentum-elérés